| 000 | 01117nam a2200289 i 4500 | ||
|---|---|---|---|
| 001 | bg | ||
| 100 | 1 | _aSTANEK, William R. | |
| 245 | 1 | 0 |
_aMicrosoft Windows 2000 Internet Information Services 5.0 : _bvademecum administratora / _cWilliam R. Stanek ; [przekł. John Catlow]. |
| 246 |
_iTyt. oryg.: _aMicrosoft Windows 2000 and IIS 5.0 |
||
| 260 |
_aWarszawa : _bAPN Promise, _c2001. |
||
| 300 |
_aXIV, 385 s. : _bil. ; _c20 cm. |
||
| 500 | _aTyt. oryg.: "Microsoft Windows 2000 and IIS 5.0" 2000. Na okł. podtyt.: podręczny poradnik administratora w codziennej pracy przy IIS i Indexing Services : zbiór instrukcji, opisy funkcji i składników IIS. | ||
| 504 | _aIndeks. | ||
| 521 | _aIT professional. | ||
| 650 | 9 | _aInternet | |
| 650 | 9 | _aWindows 2000 Server | |
| 655 | _aPodręczniki | ||
| 700 | 1 |
_aCATLOW, John. _eTł. |
|
| 020 | _a8388440136 | ||
| 040 | _cBPK | ||
| 041 | 1 |
_apol _heng |
|
| 080 | _a004.451:004.738.5](07) | ||
| 920 | _a83-88440-13-6 | ||
| 942 | _cKS | ||
| 008 | s pl f |000 0 pol | ||
| 999 |
_c43368 _d43368 |
||
| 856 |
_uhttp://koha.tu.koszalin.pl/cgi-bin/koha/opac-detail.pl?biblionumber=43368 _yKatalog online BPK |
||